| 000 | 00625nam a2200217 a 4500 | ||
|---|---|---|---|
| 001 | 53662 | ||
| 003 | BD-RjUL | ||
| 005 | 20211209080010.0 | ||
| 008 | 116102s1979 bg b 001 0 eng c | ||
| 035 | _a(BD-RjUL)53784 | ||
| 040 |
_aZCU _cZCU _beng _dBD-RjUL |
||
| 041 | _aeng | ||
| 082 |
_223 _a361.32 _bMUS 1979 |
||
| 100 | 1 |
_aMumme, Norma F. _9160384 |
|
| 245 | 1 | 0 |
_aSocial casework for Bangladesh / _cNorma F. Mumme. |
| 260 |
_aDacca : _bBangladesh Books, _c1979. |
||
| 300 |
_a71 p. ; _c23 cm. |
||
| 504 | _aIncludes Bibliographical References and Index | ||
| 650 | 0 |
_aSocial case work _zIndia. _9160385 |
|
| 942 |
_2ddc _cBK |
||
| 999 |
_c53662 _d53662 |
||